| 000 | 00846nam a2200289Ia 4500 | ||
|---|---|---|---|
| 001 | Z_4978 | ||
| 003 | CHAP | ||
| 008 | 220113s2=00 xx 000 0 und d | ||
| 010 | _a168033 | ||
| 040 | _cCHAP | ||
| 090 | _aFolleto 657 | ||
| 100 |
_aCórdova Izquierdo, Alejandro _927842 |
||
| 245 |
_aFecundación in vitro en cerdos / _cpor Alejandro Córdova Izquierdo y José Felix Pérez Gutiérrez |
||
| 260 |
_aChapingo, Méx. : _bUniversidad Autónoma Metropolitana. Unidad Xochimilco, _c2002 |
||
| 300 | _a54 p. | ||
| 440 |
_aCuadernos CBS 43 _9142290 |
||
| 500 | _a | ||
| 503 | _aC/E | ||
| 650 |
_aGanado porcino _xReproducción _945403 |
||
| 650 |
_aSemen _xConservación I. Pérez Gutiérrez, José Felix _9142291 |
||
| 901 | _aFolleto 657 | ||
| 902 | _aA | ||
| 910 | _a2=00 | ||
| 942 | _cc14 | ||
| 942 | _cc14 | ||
| 999 |
_c168033 _d168033 |
||